Spôsob oboznamovania zamestnancov a klientov kúpeľného domu z bezpečnosti práce a požiarnej ochrany

Salvato in:
Dettagli Bibliografici
Autore principale: Režná, Terézia (Autore)
Altri autori: Martinka, Jozef (Relatore della tesi)
Natura: Manoscritto Libro
Lingua:slovacco
Pubblicazione: 2023
Soggetti:
Accesso online:http://is.stuba.sk/zp/portal_zp.pl?podrobnosti=170698
Tags: Aggiungi Tag
Nessun Tag, puoi essere il primo ad aggiungerne!!

MARC

LEADER 00000ntm a22000003a 4500
001 stuzp94600
003 SK-STU
005 20230909222622.9
007 ta
008 150427s2015----xo-----f-mn---000-0-slo-d
040 |a STU  |b slo 
041 0 |a slo 
100 1 |a Režná, Terézia  |u 065000  |4 aut  |U MTF Materiálovotechnologická fakulta  |T MTF Ústav integrovanej bezpečnosti  |X 96732  |U M5000  |Y 85  |7 96732 
242 0 1 |a Method for familiarizing the employees and clients of the spa house with work safety and fire protection  |y eng 
245 1 0 |a Spôsob oboznamovania zamestnancov a klientov kúpeľného domu z bezpečnosti práce a požiarnej ochrany 
260 |c 2023 
650 4 |a bezpečnosť  |2 slo 
650 4 |a kúpeľný priemysel  |2 slo 
650 4 |a kontrola bezpečnosti  |2 slo 
650 4 |a školenie  |2 slo 
650 4 |a safety inspection  |2 eng 
650 4 |a safety  |2 eng 
650 4 |a spa industry  |2 eng 
650 4 |a training  |2 eng 
700 1 |a Martinka, Jozef  |u 065300  |k Z1  |4 ths  |U MTF Ústav integrovanej bezpečnosti  |T MTF Katedra požiarneho inžinierstva  |X 45163  |U M5300  |Y 193  |7 A000045163 
856 4 |u http://is.stuba.sk/zp/portal_zp.pl?podrobnosti=170698 
996 |c M* DP-15231  |l MMSKP  |s P  |a 0  |w stuzp94600_0001